Estadísticas para Adivina la canción de Lali Esposito

Haz click aquí para intentar la prueba.

Estadísticas generales

  • Esta prueba ha sido intentada 46 veces
  • La puntuación promedio es 176 de 294

Estadísticas de respuestas

Respuesta% Correcto
a
90%
y
90%
Y
90%
La
87%
la
87%
no
83%
No
83%
tu
83%
de
80%
es
80%
Es
80%
que
80%
80%
se
80%
Si
80%
el
77%
lo
77%
me
77%
mi
77%
77%
te
77%
yo
77%
en
73%
En
73%
Las
67%
por
67%
mas
63%
para
63%
soy
63%
Cuando
60%
Sin
60%
son
60%
vos
60%
al
57%
con
57%
Con
57%
está
57%
amor
53%
estoy
53%
mis
53%
ojos
53%
Tus
53%
tus
53%
dónde
50%
Nada
50%
nada
50%
sol
50%
alma
47%
ella
47%
hace
47%
quien
47%
quién
47%
vida
47%
espalda
43%
feliz
43%
manos
43%
Su
43%
contención
40%
cuanto
40%
dicen
40%
encuentro
40%
falta
40%
ilumina
40%
palabras
40%
sola
40%
Solo
40%
sopla
40%
viento
40%
baja
37%
canto
37%
coraza
37%
creo
37%
dios
37%
frente
37%
miradas
37%
necesito
37%
paraiso
37%
pierda
37%
pies
37%
pureza
37%
rudo
37%
rumbo
37%
salva
37%
sobrevivir
37%
suelo
37%
supieras
37%
camino
33%
dejó
33%
desnudo
33%
emoción
33%
espejo
33%
gravedad
33%
guía
33%
hermana
33%
reflejo
33%
reina
33%
resulta
33%
aquel
30%
brillando
30%
desnuda
30%
Ir
30%

Distribución de puntuación

Porcentaje por número respondido

Porcentaje de gente con cada puntuación

Historial de tus puntuaciones

No has intentado esta prueba.